| 000 | 02233cam a2200517 a 4500 | ||
|---|---|---|---|
| 001 | sjds1106806 | ||
| 003 | sjds | ||
| 005 | 20190326211805.0 | ||
| 008 | 040729s2004 nyua j 000 1 spa d | ||
| 010 | _a 2004556367 | ||
| 020 | _a9780525472513 (Board) | ||
| 020 | _a0525472517 (Board) | ||
| 035 | _a327921 | ||
| 035 | _a(OCoLC)55057711 | ||
| 035 | _a327921 | ||
| 040 |
_aMPI _cMPI _dDLC _dBAKER _dBTCTA _dUtOrBLW |
||
| 041 | 1 |
_aspa _aeng _heng |
|
| 049 | _aIFAA | ||
| 099 | _f2004 | ||
| 100 | 1 |
_aPorter-Gaylord, Laurel, _eauthor. |
|
| 245 | 1 | 0 |
_aQuiero a mi papá porque-- = _bI love my daddy because-- / _cLaurel Porter-Gaylord ; pictures by Ashley Wolff ; [Spanish translation by Eida de la Vega]. |
| 246 | 3 | 1 | _aI love my daddy because-- |
| 250 | _aBilingual board-book edition. | ||
| 260 |
_aNew York, N.Y. : _bDutton Children's Books, _c2004. |
||
| 264 | 1 |
_aNew York, N.Y. : _bDutton Children's Books, _c2004. |
|
| 300 |
_a1 volume (unpaged) : _bcolor illustrations ; _c20 cm |
||
| 336 |
_atext _btxt _2rdacontent |
||
| 337 |
_aunmediated _bn _2rdamedia |
||
| 338 |
_avolume _bnc _2rdacarrier |
||
| 500 | _aCover title. | ||
| 500 | _aOn board pages = Libro en páginas de cartón duro. | ||
| 520 | _aMientras la niña en este libro nos cuenta de todas las cosas que su padre hace para ella, el libro muestra y nombra padres animales cuidando a sus hijos. | ||
| 520 | _aFamiliar phrases from a preschooler's world give a child's-eye view of being an animal baby. Many different animal fathers are shown caring for their young. | ||
| 546 | _aParallel text in Spanish and English = Textos paralelos en español e inglés. | ||
| 650 | 0 |
_aFather and child _vJuvenile fiction. |
|
| 650 | 0 |
_aAnimals _vJuvenile fiction. |
|
| 650 | 0 |
_aSpanish language materials _xBilingual _vJuvenile literature. |
|
| 650 | 7 |
_aPadre e hijos _vNovela juvenil. _2bidex |
|
| 650 | 7 |
_aAnimales _vNovela juvenil. _2bidex |
|
| 650 | 7 |
_aMateriales bilingües en español _vLiteratura juvenil. _2bidex |
|
| 700 | 1 | 2 |
_aPorter-Gaylord, Laurel. _tI love my daddy because--. _lEnglish. |
| 700 | 1 | 2 |
_aPorter-Gaylord, Laurel. _tI love my daddy because--. _lSpanish. |
| 700 | 1 | _aWolff, Ashley. | |
| 700 | 1 | _aVega, Eida de la. | |
| 942 | _cBK | ||
| 999 |
_c19332 _d19332 |
||